IX. Martinské dni pracovného lekárstva a toxikológie 9.-10. február 2012, hotel Turiec, Martin : publikácia vybraných vedeckých a odborných prác in extenso z odboru Pracovné lekárstvo a toxikológia : abstrakty
| Corporate Author: | |
|---|---|
| Other Authors: | |
| Format: | Conference Proceeding Software eBook |
| Language: | Slovak Czech |
| PhysicalDescription: | 1 elektronický optický disk (CD-ROM) fareb. 12 cm Vydané aj v tlačenej forme |
| Published: |
[Martin
Jesseniova lekárska fakulta UK
2012]
|
| ISBN: | 9788089544110 (elektronická kniha) |
| Subjects: |
MARC
| LEADER | 00000nam a2200000 a 4500 | ||
|---|---|---|---|
| 001 | vtls010521083 | ||
| 003 | SK-MaSNL | ||
| 005 | 20260301214641.0 | ||
| 007 | co cg auuua | ||
| 008 | 130619s2012 xo | fsa 100 0 slo | ||
| 015 | |a SNBS2014 | ||
| 020 | |a 9788089544110 (elektronická kniha) | ||
| 040 | |a SNK |b slo |c SNK |e AACR2 | ||
| 041 | 0 | |a slo |a cze | |
| 044 | |a xo |c SK | ||
| 072 | 7 | |a 616 |x Patológia. Klinická medicína |2 konspekt | |
| 072 | 7 | |a 615 |x Farmácia. Farmakológia |2 konspekt | |
| 080 | |a 616-057 |2 2001 | ||
| 080 | |a 615.9 |2 2001 | ||
| 080 | |a (062.534) |2 2001 | ||
| 080 | |a (0.034.44) |2 2001 | ||
| 080 | |a (048.3) |2 2001 | ||
| 111 | 2 | |a Martinské dni pracovného lekárstva a toxikológie |n (9. : |d 2012 : |c Martin, Slovensko) |9 154246 | |
| 245 | 1 | 0 | |a IX. Martinské dni pracovného lekárstva a toxikológie |h elektronický zdroj |b 9.-10. február 2012, hotel Turiec, Martin : publikácia vybraných vedeckých a odborných prác in extenso z odboru Pracovné lekárstvo a toxikológia : abstrakty |c [zostavovateľ: Oto Osina a kolektív autorov] |
| 246 | 3 | |a Deviate Martinské dni pracovného lekárstva a toxikológie | |
| 260 | |a [Martin |b Jesseniova lekárska fakulta UK |c 2012] | ||
| 300 | |a 1 elektronický optický disk (CD-ROM) |b fareb. |c 12 cm | ||
| 500 | |a Názov z disku | ||
| 516 | |a Textový dokument (zborník), súbor vo formáte pdf | ||
| 530 | |a Vydané aj v tlačenej forme | ||
| 538 | |a Technické požiadavky: PDF prehliadač | ||
| 546 | |a Text čiast. aj čes. | ||
| 650 | 0 | 7 | |a pracovné lekárstvo |2 SNKPH |9 67967 |
| 650 | 0 | 7 | |a toxikológia |2 SNKPH |9 2607 |
| 650 | 0 | 7 | |a Occupational medicine |2 SNKPHeng |9 345461 |
| 650 | 0 | 7 | |a Toxicology |2 SNKPHeng |9 270831 |
| 655 | 7 | |a elektronické zdroje |2 SNKPH |9 90954 | |
| 655 | 7 | |a CD-ROM |2 SNKPH |9 70236 | |
| 655 | 7 | |a zborníky konferencií |2 SNKPH |9 70153 | |
| 655 | 7 | |a abstrakty |2 SNKPH |9 22516 | |
| 655 | 7 | |a Electronic resources |2 SNKPHeng |9 175546 | |
| 655 | 7 | |a Proceedings of conferences |2 SNKPHeng |9 265791 | |
| 655 | 7 | |a Abstracts |2 SNKPHeng |9 275616 | |
| 700 | 1 | |a Osina, Oto, |d 1956- |4 com |9 188991 | |
| 776 | 1 | |t IX. Martinské dni pracovného lekársta a toxikológie |w vtls010443941 | |
| 919 | |a 978-80-89544-11-0 | ||
| 958 | |a MI | ||
| 999 | |c 925482 |d 927412 | ||
| 952 | |a SNK |b SNK |y PREZ |7 0 |p 17A1069473 |o snkSCDM 5838 |i snk2013/14115 |8 0 |0 0 |1 0 |4 0 |d 2013-06-19 |l 0 |r 2026-02-24 08:30:31 |w 2026-02-24 | ||
| 952 | |t snkMAR 615.9 |a SNKMST |b SNKMST |y PREZ |7 0 |p 17A1069474 |o snkSCDM 5838 D1 |i snk2013/14116 |8 0 |0 0 |1 0 |4 0 |d 2013-06-19 |l 0 |r 2025-08-12 00:00:00 |w 2026-02-24 | ||


